000 00408nam a2200157Ia 4500
005 20250701153151.0
008 240331s9999 xx 000 0 und d
020 _a9559544411
082 _bDEV
_a398
100 _aDevapriya,S
245 0 _aJanapravada saha janawahara
260 _aNuwara Eliya
_bKaushalya Publishers
_c1993
300 _a76 p .,
500 _aA book on Legends and Population
942 _cL
999 _c5099
_d5099